Indian government & politics. (Record no. 959)

MARC details
000 -LEADER
fixed length control field 00508cam a2200205ua 4500
001 - CONTROL NUMBER
control field 1042
005 - DATE AND TIME OF LATEST TRANSACTION
control field 20260515113251.0
008 - FIXED-LENGTH DATA ELEMENTS--GENERAL INFORMATION
fixed length control field 110427n ii |||gr||||Z||||||eng
020 ## - INTERNATIONAL STANDARD BOOK NUMBER
International Standard Book Number 0-7069-2396-0
040 ## - CATALOGING SOURCE
Transcribing agency MAIN
082 ## - DEWEY DECIMAL CLASSIFICATION NUMBER
Classification number 320.954
245 1# - TITLE STATEMENT
Title Indian government & politics.
Statement of responsibility, etc. By D C Gupta.
250 ## - EDITION STATEMENT
Edition statement 6th.
260 ## - PUBLICATION, DISTRIBUTION, ETC.
Place of publication, distribution, etc. New Delhi.:
Name of publisher, distributor, etc. Vikash.,983.
300 ## - PHYSICAL DESCRIPTION
Extent 672 p.:
Dimensions 23 cm.
653 ## - INDEX TERM--UNCONTROLLED
Uncontrolled term Political science.
653 ## - INDEX TERM--UNCONTROLLED
Uncontrolled term Indian government & politics.
700 1# - ADDED ENTRY--PERSONAL NAME
Personal name Gupta, D C.,
942 ## - ADDED ENTRY ELEMENTS (KOHA)
Koha item type Books
Holdings
Withdrawn status Lost status Damaged status Not for loan Home library Current library Shelving location Date acquired Total checkouts Full call number Barcode Date last seen Copy number Price effective from Koha item type
        Naharkatiya College Library Naharkatiya College Library General stacks 09/19/2020   320.954 | GUP 526 09/19/2020 1 09/19/2020 Books